Statistiques concernant Culture Générale - Série 722

Cliquez ici pour prendre le quiz!

Statistiques générales

  • Ce quiz a été pris 147 fois
  • Le résultat moyen est 5 sur 10

Statistiques - réponses

QuestionRéponse% Correct
Complétez le titre du roman de Francis Scott Fitzgerald, "Gatsby le ...magnifique
97%
Quel ordre national français fut créé par Napoléon Bonaparte, le 19 mai 1802 ?La Légion d'honneur
73%
Quel pays est arrosé par le fleuve Arno, long de 241 kilomètres ?Italie
70%
Complétez le titre du film réalisé en 1988 par Robert Zemeckis, "Qui veut la peau de ...Roger Rabbit
69%
En 1899, quel président de la IIIe République serait mort à l'Élysée dans les bras de sa maîtresse ?Félix Faure
52%
Dans quelle ville des Vosges se déroule le Festival du film fantastique ?Gérardmer
45%
Le prix Nobel de littérature 1982 a été attribué au Colombien Gabriel...Garcia Márquez
37%
Quelle romancière britannique est l'auteur des romans : "Mansfield Park" et "Raison et Sentiments" ?Jane Austen
30%
Comment appelle-t-on les habitants de Belle-Île en Bretagne ?Bellilois
26%
Comment se prénommait la duchesse de Bourgogne, fille de Charles le Téméraire, qui épousa Maximilien d'Autriche en 1477 ?Marie
22%

Distribution des résultats

Percentile par nombre de réponses

% des personnes avec chaque résultat

Votre développement - résultats

Vous n’avez pas pris ce quiz